000
00347nam a2200133Ia 4500
003
PILC
008
220421s2000 xx 000 0 und d
040
_c
EARIST LIBRARY
100
_a
Dagoon, Jesse D.
245
0
_a
Husbandary of Farm Animals and Poultry in the Topics /
260
_a
Manila,
_b
Rex :
_c
2000.
999
_c
2075
_d
2075
942
_2
ddc
_c
BK